000 00373 a2200145 4500
020 _a9695190391
082 _a297.4
090 _c5921
_d5921
100 _aArberry,A.J.
245 _aThe Doctrine of The Sufis.
_bAbu Bakr al-kalabadhi.
_cA.J.Arberry .
260 _aLahore
_bSuhail Academy
_c2001.
300 _a173p.
500 _aHardcover
942 _aNBS
_cBK
_k297.4 ARB
999 _c348314
_d348314